| 000 | 00409cam a2200157ua 4500 | ||
|---|---|---|---|
| 041 |
_aeng _h |
||
| 082 |
_a338.9 _bBHA/AS |
||
| 100 | _aBhatt, V.V. | ||
| 245 |
_aAspects of economic change and policy in India 1800 / _cV.V.Bhatt. _hTextual Documents |
||
| 260 |
_aMumbai : _bAllied Publishers Pvt Ltd , _c1963. |
||
| 300 | _a140 ; . | ||
| 500 | _aannex | ||
| 504 | _a | ||
| 942 | _cBK | ||
| 999 |
_c11162 _d11162 |
||